Heimat - Landschaft - Natur

Titel: Heimat - Landschaft - Natur : Über einige Voraussetzungen der Gedichte von Oskar Loerke und Johannes Bobrowski
Verfasser:
In: Ostpreußen, (2001), Seite 137-159
alle Artikel anzeigen
Veröffentlicht: 2001
Format: Aufsatz
Sprache: Deutsch
Kein Bild verfügbar
X
alg: 39246293
001A    $01999:11-11-16 
001B    $01999:17-05-21 $t20:32:25.000 
001D    $01999:11-11-16 
001U    $0utf8 
001X    $00 
002@    $0Aox 
003@    $0392462931 
007A    $0392462931 $aHEB 
007T    $0Herd41866 
010@    $ager 
011@    $a2001 
021A    $aHeimat - Landschaft - Natur $dÜber einige Voraussetzungen der Gedichte von Oskar Loerke und Johannes Bobrowski 
028A    $aTgahrt $dReinhard 
031A    $h137-159 $j2001 
039B    $aIn $8--Aau--. Ostpreußen. - Berlin : Duncker & Humblot, 2001. - 190 S.. - ISBN 3-428-10476-5 $x200100000000000863 $9094900752 
045F    $a800 $eDDC23BSB 
045F/01 $a800 
045F/03 $g4382 
045F/03 $g43832 

lok: 39246293 78

exp: 39246293 78 1 #EPN
201B/01 $012-10-18 $t22:45:30.000 
201U/01 $0utf8 
203@/01 $0788560719 
208@/01 $a11-11-16 $be 
209A/01 $a/ $f000 $x00 
220C/01 $aTitelaufnehmer: gk 
220C/01 $aHerkunft: UKM/UB Toruń;HI Marburg 
244Z/01 $2Trx $#Prusy Wschodnie i Zachodnie $8--Trx--Ost- und Westpreußen $x01 $939113373X 
244Z/01 $#Loerke, Oscar $7118728814 $8--Tp1--Loerke, Oskar$Z1884-1941 $x02 $908706958X 
244Z/01 $#Bobrowsky, Johannes $#Bobrovskis, Johanesas $#Bobrovskij, Iogannes $#Bobrowski, Johannes Konrad Bernhard $#Bobṛuvskī, Johannis $#בוברובסקי, יוהאנס $7118512161 $8--Tp1--Bobrowski, Johannes$Z1917-1965 $x03 $9093003943 
244Z/01 $2Trx $#kirjandus, Saksa $#literatūra, vokiečių $#Literature, German $#irodalom, német $#literatura niemiecka $#literatúra nemecká $#literatura německá $8--Trx--Literatur, deutsche $x04 $9391368125 
244Z/01 $2Trx $8--Trx--Einzelbeiträge $x05 $9391384570 
245Z/01 $a11.08 $x01 
247C/01 $82080>Marburg/Lahn, Herder-Institut, Forschungsbibliothek, Bibliographieportal $9336309341
LEADER 00000caa a22000002c 4500
001 392462931
003 DE-603
005 20210517203225.0
007 tu
008 161111s2001 xx |||| | u00||u|ger c
035 |a (DE-599)HEB392462931 
040 |a DE-603  |b ger  |c DE-603  |d DE-603 
041 |a ger 
082 0 4 |8 1\u  |a 800  |q DE-101  |2 23/BSB 
085 |8 1\u  |b 800 
085 |8 1\u  |z 2  |s 4382 
085 |8 1\u  |z 2  |s 43832 
100 1 |a Tgahrt, Reinhard 
245 0 0 |a Heimat - Landschaft - Natur  |b Über einige Voraussetzungen der Gedichte von Oskar Loerke und Johannes Bobrowski 
264 0 |c 2001 
773 0 8 |i In  |t Ostpreußen  |d Berlin : Duncker & Humblot, 2001  |h 190 S.  |z 3428104765  |g (2001), Seite 137-159  |w (DE-603)094900752 
924 0 |9 2080  |a (DE-603)788560719  |b DE-2080  |c HES  |d d  |g /